UBT Library

Marketing management / (Record no. 297)

000 -LEADER
fixed length control field 00685cam a2200217 a 4500
005 - DATE AND TIME OF LATEST TRANSACTION
control field 20131113052617.0
008 - FIXED-LENGTH DATA ELEMENTS--GENERAL INFORMATION
fixed length control field 981207s2000 njua b 001 0 eng
020 ## - INTERNATIONAL STANDARD BOOK NUMBER
International Standard Book Number 0130122173
041 0# - LANGUAGE CODE
Language code of text/sound track or separate title eng
080 ## - UNIVERSAL DECIMAL CLASSIFICATION NUMBER
Universal Decimal Classification number 339.138
100 1# - Rafti
Rafti Kotler, Philip.
245 10 - TITLE STATEMENT
Title Marketing management /
Statement of responsibility, etc Philip Kotler.
250 ## -
-- Millennium ed.
260 ## -
-- Upper Saddle River, N.J. :
-- Prentice Hall,
-- c2000.
300 ## -
-- xxxii, 718, [32] p. :
-- col. ill. ;
-- 26 cm.
440 #4 -
-- The Prentice Hall international series in marketing
500 ## -
-- Preface : f. XXV - XXXII
504 ## - BIBLIOGRAPHY, ETC. NOTE
Bibliography, etc Includes bibliographical references and indexes.
650 #0 -
-- Marketingu
-- Menaxhment
942 ## - ADDED ENTRY ELEMENTS (KOHA)
Source of classification or shelving scheme
Item type Books
Holdings
Withdrawn status Lost status Source of classification or shelving scheme Damaged status Not for loan Collection code Permanent location Current location Shelving location Date acquired Total Checkouts Full call number Barcode Date last seen Koha item type
          Koleksioni i përgjithshem UBT - Prishtine UBT - Prishtine Koleksioni i përgjithshem 11/13/2013   339.138 KOT 001-000371 11/13/2013 Books
          Koleksioni i përgjithshem UBT - Prishtine UBT - Prishtine Koleksioni i përgjithshem 11/13/2013   339.138 KOT 001-000372 11/13/2013 Books
          Koleksioni i përgjithshem UBT - Prishtine UBT - Prishtine Koleksioni i përgjithshem 11/13/2013   339.138 KOT 001-000373 11/13/2013 Books
          Koleksioni i përgjithshem UBT - Prishtine UBT - Prishtine Koleksioni i përgjithshem 11/13/2013   339.138 KOT 001-000370 11/13/2013 Books
          Koleksioni i përgjithshem UBT - Prishtine UBT - Prishtine Koleksioni i përgjithshem 11/13/2013   339.138 KOT 001-000375 11/13/2013 Books
          Koleksioni i përgjithshem UBT - Prishtine UBT - Prishtine Koleksioni i përgjithshem 11/13/2013   339.138 KOT 001-000374 11/13/2013 Books
UBT Library © 2015-2024. All rights reserved University Education for Business and Technology